000 00789nam a2200265 a 4500
001 000019989
005 20200929170223.0
008 100709s1968 sp 001 d spa d
040 _aDO-SdBNP
_bspa
_cBNPHU
082 _a862.5
_bB456r, 1968
100 1 _aBenavente, Jacinto,
_d1866-1954
_95362
245 1 0 _aRosas de otoño /
_cJacinto Benavente.
250 _a4a ed.
260 _aMadrid :
_bEspasa-Calpe,
_c1968.
300 _a183 p. ;
_c18 cm.
490 1 _aAustral. Violeta: teatro y poesía
_v550
504 _aIncluye índice de autores
650 4 _aTeatro español
_93071
650 4 _aAmor
_xTeatro
_925269
650 4 _aLiteratura española
_9632
740 0 _aPepa Doncel
830 0 _aAustral.
_pVioleta: teatro y poesía;
_v550
_939559
910 _aWM
049 _aBNGR
999 _c19501
_d19501